000 00458nam a22001817a 4500
003 OSt
005 20151109122302.0
008 151109b xxu||||| |||| 00| 0 eng d
020 _a0340557869
040 _cDLMN
050 _aWY 18.8
_bN937s
100 _aREED.J;PROCTER.S
_96034
245 _aNurse Education;
_bAreflective approach.
300 _axii,203;
_bill;
_c26cm
504 _aincludes index
650 _aHealth Science.
_96035
942 _2ddc
_cSLOAN
999 _c2463
_d2463